| 000 | 00611nam a22001817a 4500 | ||
|---|---|---|---|
| 005 | 20251108165408.0 | ||
| 008 | 250721s1982 xx 000 0 ara d | ||
| 082 | 1 | 4 | _aم/926.1/أحم |
| 100 | 1 | _aعيسى، أحمد | |
| 245 | 1 | 0 |
_aمعجم الأطباء من سنة 650هـ إلى يومنا هذا : _bذيل عيون الأنباء في طبقات الأطباء لإبن أبي أصيبعة / |
| 250 | _aط2 | ||
| 264 | 1 |
_aبيروت : _bدار الرائد العربي، _c1982. |
|
| 300 | _a527ص | ||
| 650 | 1 | 7 | _aالأطباء |
| 650 | 1 | 7 | _aالتراجم |
| 942 |
_2ddc _cREF |
||
| 999 |
_c26877 _d26877 |
||